Geography Quiz

Random Geography or Blitz Quiz

Geography 'A' Blitz Quiz Stats

Quiz Updated Mar 15, 2017

Also try: Geography Bunker
Challenge
Share
Tweet
Embed
Score 0/20 Timer 02:00
98 Plays Today
Category Answer % Correct
ContinentAntarctica
99.2%
OceanAtlantic
98.7%
US stateAlabama
98.2%
European countryAlbania
92.8%
Mountain range*Andes
85.7%
Olympic cityAntwerp
85.7%
European capitalAndorra la Vella
78.4%
South American countryArgentina
75.2%
Canadian provinceAlberta
74.7%
African countryAngola
74.7%
Category Answer % Correct
Asian countryAfghanistan
69.6%
US state capitalAlbany
69.2%
Oceanian countryAustralia
68.7%
River*Amazon
59.2%
African capitalAbuja
53.8%
North American countryAntigua and Barbuda
53.2%
Desert*Atacama
52.6%
Asian capitalAbu Dhabi
39.7%
South American capitalAsunción
38.8%
Oceanian capitalApia
22.9%

You're not logged in!

Compare scores with friends on all Sporcle quizzes.
Sign Up with Email
OR
Log In

You Might Also Like...

Show Comments

Extras

Top Quizzes Today


Score Distribution

Your Account Isn't Verified!

In order to create a playlist on Sporcle, you need to verify the email address you used during registration. Go to your Sporcle Settings to finish the process.